Merchandising: teoría, Practica y estrategia/ (Registro nro. 9197)
[ vista simple ]
| 000 -LEADER | |
|---|---|
| fixed length control field | 00765nam a2200205Ia 4500 |
| 005 - FECHA Y HORA DE LA ÚLTIMA TRANSACCIÓN | |
| control field | 20230908100730.0 |
| 008 - FIXED-LENGTH DATA ELEMENTS--GENERAL INFORMATION | |
| fixed length control field | 230906s9999 xx 000 0 und d |
| 020 ## - INTERNATIONAL STANDARD BOOK NUMBER | |
| International Standard Book Number | 9788473566209 |
| 040 ## - CATALOGING SOURCE | |
| Original cataloging agency | UPAN |
| Transcribing agency | Biblioteca San Vicente |
| Description conventions | RCAA2 |
| 041 ## - LANGUAGE CODE | |
| Language code of text/sound track or separate title | spa |
| 082 ## - DEWEY DECIMAL CLASSIFICATION NUMBER | |
| Classification number | 658.82 |
| Item number | P356m |
| año de publicación | 2011 |
| 100 ## - MAIN ENTRY--PERSONAL NAME | |
| Personal name | Palomares Borja, Ricardo |
| Relator code | aut. |
| 245 #0 - TITLE STATEMENT | |
| Title | Merchandising: teoría, Practica y estrategia/ |
| Remainder of title | Ricardo Palomares Borja |
| 250 ## - EDITION STATEMENT | |
| Edition statement | 2° ed. |
| 260 ## - PUBLICATION, DISTRIBUTION, ETC. (IMPRINT) | |
| Place of publication, distribution, etc | Madrid: |
| Name of publisher, distributor, etc | ESIC, |
| Date of publication, distribution, etc | 2011 |
| 300 ## - PHYSICAL DESCRIPTION | |
| Extent | 355 p.; |
| Dimensions | 24 cm. |
| 505 ## - FORMATTED CONTENTS NOTE | |
| Formatted contents note | Capitulo 1. Introducción al merchandising<br/>Capitulo 2. Gestión del surtido<br/>Capitulo 3. La arquitectura del establecimiento comercial<br/>Capitulo 4. Gestión estratégica del punto de venta |
| 650 ## - SUBJECT ADDED ENTRY--TOPICAL TERM | |
| Source of heading or term | LEMB |
| General subdivision | Mercadeo |
| 942 ## - ADDED ENTRY ELEMENTS (KOHA) | |
| Koha item type | Libros |
| Source of classification or shelving scheme | Dewey Decimal Classification |
| Withdrawn status | Lost status | Source of classification or shelving scheme | Damaged status | Not for loan | Collection code | Home library | Current library | Date acquired | Total Checkouts | Full call number | Barcode | Date last seen | Copy number | Price effective from | Koha item type |
|---|---|---|---|---|---|---|---|---|---|---|---|---|---|---|---|
| Dewey Decimal Classification | Colección General | Biblioteca UPAN San Vicente | Biblioteca UPAN San Vicente | 06/09/2023 | 658.82 P356m | 12003380 | 06/09/2023 | 01 | 06/09/2023 | Libros | |||||
| Dewey Decimal Classification | Colección General | Biblioteca UPAN San Vicente | Biblioteca UPAN San Vicente | 06/09/2023 | 658.82 P356m | 12003381 | 08/09/2023 | 02 | 06/09/2023 | Libros | |||||
| Dewey Decimal Classification | Colección General | Biblioteca UPAN San Vicente | Biblioteca UPAN San Vicente | 06/09/2023 | 658.82 P356m | 12003382 | 08/09/2023 | 03 | 06/09/2023 | Libros |